| 000 | 00350nam a22001337a 4500 | ||
|---|---|---|---|
| 020 | _a0-333-39661-8 | ||
| 082 | _a621.38152 WIL | ||
| 100 |
_aWILLIAMS, B.W _965774 |
||
| 245 | _aPOWER ELECTRONICS, DEVICES, DRIVERS AND APPLICATIONS | ||
| 260 |
_aHONG KONG _bMACMILLAN _c1987 |
||
| 300 | _aXIV,337P | ||
| 650 |
_aPOWER ELECTRONICS _92000 |
||
| 942 | _cBK | ||
| 999 |
_c573888 _d573888 |
||